[Event "IND-ch U13 Girls 35th"]
[Site "Puducherry"]
[Date "2022.12.13"]
[Round "5"]
[White "Rudra, Rajeev"]
[Black "Sani, Deshpande"]
[Result "0-1"]
[WhiteElo "1283"]
[BlackElo "1482"]
[PlyCount "100"]
[EventDate "2022.12.11"]
[EventType "swiss"]
[EventRounds "11"]
[EventCountry "IND"]
[SourceTitle "EXT 2024"]
[Source "ChessBase"]
[SourceDate "2023.10.10"]
[SourceVersion "1"]
[SourceVersionDate "2023.10.10"]
[SourceQuality "1"]

1. d4 Nf6 2. c4 g6 3. Nc3 d5 4. cxd5 Nxd5 5. Bd2 Bg7 6. e4 Nxc3 7. Bxc3 0-0 8. Nf3 c5 9. d5 Nd7 10. Bxg7 Kxg7 11. Qd2 Nf6 12. Bd3 e6 13. dxe6 Bxe6 14. 0-0 Qb6 15. Qc3 h6 16. Ne5 Rfd8 17. Kh1 Qb4 18. Qxb4 cxb4 19. f4 Ng4 20. Nxg4 Bxg4 21. Bc4 Rd2 22. Rab1 Rc8 23. Bb3 Be6 24. Bxe6 fxe6 25. Rfd1 Rcd8 26. Rxd2 Rxd2 27. h3 Kf6 28. Kh2 e5 29. fxe5+ Kxe5 30. Kg3 Kxe4 31. Re1+ Kd4 32. Re6 Rxb2 33. Rxg6 Rxa2 34. Rxh6 b3 35. Rd6+ Kc3 36. Rd1 b2 37. Rb1 Ra1 38. Rxb2 Kxb2 39. h4 Rh1 40. Kg4 a5 41. h5 a4 42. Kg5 a3 43. h6 a2 44. Kg6 a1Q 45. h7 Qa6+ 46. Kg7 Qh6+ 47. Kg8 Qxh7+ 48. Kf8 Rf1+ 49. Ke8 Rf7 50. Kd8 Qg8# 0-1

[Event "IND-ch U13 Girls 35th"]
[Site "Puducherry"]
[Date "2022.12.12"]
[Round "3"]
[White "Rudra, Rajeev"]
[Black "Debapriya, Manna"]
[Result "0-1"]
[WhiteElo "1283"]
[BlackElo "1478"]
[PlyCount "128"]
[EventDate "2022.12.11"]
[EventType "swiss"]
[EventRounds "11"]
[EventCountry "IND"]
[SourceTitle "EXT 2024"]
[Source "ChessBase"]
[SourceDate "2023.10.10"]
[SourceVersion "1"]
[SourceVersionDate "2023.10.10"]
[SourceQuality "1"]

1. d4 d5 2. c4 e6 3. Nc3 Nf6 4. cxd5 exd5 5. Bg5 Be7 6. e3 c6 7. Bd3 0-0 8. Qc2 Nbd7 9. Nge2 Re8 10. 0-0 Nf8 11. Rad1 Be6 12. f3 Rc8 13. e4 dxe4 14. fxe4 Ng4 15. Bf4 Bg5 16. Qd2 Bxf4 17. Qxf4 Ng6 18. Qg3 Nf6 19. e5 Nd5 20. Ne4 Rc7 21. Nd6 Rf8 22. Nc3 b6 23. Nce4 f6 24. h4 fxe5 25. Rxf8+ Qxf8 26. dxe5 Qf4 27. Qxf4 Ndxf4 28. Ng5 Bd5 29. Bxg6 Nxg6 30. Re1 Re7 31. e6 h6 32. Nf5 hxg5 33. Nxe7+ Nxe7 34. hxg5 a5 35. a3 Kf8 36. Kf2 Ng6 37. b4 axb4 38. axb4 Ke7 39. Ra1 Kxe6 40. Ra7 Ne7 41. Rb7 b5 42. g3 g6 43. Ke3 Kd6 44. Kf4 Nf5 45. g4 Ne7 46. Ke3 Be6 47. Kf3 Nd5 48. Rg7 Nxb4 49. Rxg6 Nd5 50. Rh6 b4 51. g6 b3 52. g7 Ne7 53. Ke3 b2 54. Rh1 Ba2 55. Kf4 b1Q 56. Rxb1 Bxb1 57. Kg5 c5 58. Kh6 c4 59. g5 c3 60. g6 c2 61. Kh7 c1Q 62. g8Q Nxg8 63. Kg7 Qh6+ 64. Kxg8 Ba2# 0-1

[Event "IND-ch U12 Girls"]
[Site "Srinivasapura"]
[Date "2022.04.11"]
[Round "5"]
[White "Arshiya, Das"]
[Black "Rudra, Rajeev"]
[Result "0-1"]
[WhiteElo "1569"]
[BlackElo "1141"]
[PlyCount "132"]
[EventDate "2022.04.09"]
[EventType "swiss"]
[EventRounds "11"]
[EventCountry "IND"]
[SourceTitle "EXT 2023"]
[Source "ChessBase"]
[SourceDate "2022.10.05"]
[SourceVersion "1"]
[SourceVersionDate "2022.10.05"]
[SourceQuality "1"]

1. e4 e5 2. Nf3 Nc6 3. Bb5 a6 4. Bxc6 dxc6 5. 0-0 Bg4 6. h3 h5 7. d3 Qf6 8. Nbd2 Ne7 9. Nc4 Ng6 10. hxg4 hxg4 11. Bg5 Qe6 12. Nh2 b5 13. Nd2 g3 14. Ng4 Bc5 15. Be3 Bxe3 16. Nxe3 gxf2+ 17. Rxf2 Nf4 18. Nf5 0-0-0 19. Qg4 Kb8 20. Nf3 f6 21. Rff1 Rh7 22. g3 Nh3+ 23. Kg2 Rdh8 24. Rh1 Nf2 25. Rxh7 Nxg4 26. Rxh8+ Kb7 27. Nxg7 Qe7 28. Nf5 Qc5 29. Ne1 Qf2+ 30. Kh3 Qh2+ 31. Kxg4 Qxh8 32. Nf3 c5 33. N3h4 c4 34. Rf1 cxd3 35. cxd3 Qg8+ 36. Kh3 Qxa2 37. Ne3 Qxb2 38. Rxf6 a5 39. g4 Qe2 40. Nhg2 a4 41. Rf1 a3 42. Ra1 b4 43. Nc4 Qxd3+ 44. Nge3 Qxe4 45. g5 Qf4 46. Rg1 a2 47. Na5+ Ka6 48. Nac4 Qf3+ 49. Rg3 Qxg3+ 50. Kxg3 a1Q 51. Kg4 Qg1+ 52. Kf5 b3 53. g6 b2 54. Nxb2 Qxe3 55. g7 Qf2+ 56. Kg5 Qxb2 57. g8Q Qg2+ 58. Kf6 Qxg8 59. Kxe5 Kb5 60. Ke4 Qf7 61. Kd3 Qf4 62. Kc3 Qe4 63. Kb2 Kb4 64. Ka2 Kc3 65. Ka1 Qe2 66. Kb1 Qb2# 0-1